[Event "Uruguayan-ch Final 2021"]
[Site "Montevideo"]
[Date "2021.11.30"]
[Round "9.1"]
[White "Coppola, Claudio"]
[Black "Rodi, Luis Ernesto"]
[Result "1-0"]
[WhiteElo "2248"]
[BlackElo "2358"]
[Annotator "TA"]
[PlyCount "73"]
[EventDate "2021.11.22"]
[EventType "tourn"]
[EventCountry "URU"]
[SourceTitle "playchess.com"]
[Source "ChessBase"]
[SourceQuality "1"]

{[%evp 9,73,53,52,47,47,28,36,37,47,41,38,24,27,14,30,0,0,0,0,0,0,-33,8,0,7,11,97,89,91,0,117,115,135,103,128,126,132,122,144,125,139,104,140,106,112,0,0,28,141,142,183,185,205,205,205,205,205,205,337,343,587,379,379,168,29998,29999]} 1. b3 e5 2. Bb2 Nc6 3. e3 d5 4. Bb5 Nge7 5. Bxe5 a6 6. Bxc6+ {A01: Nimzowitsch-Larsen Opening.} Nxc6 7. Bg3 h5 {[#] Strongly threatening ...h4.} 8. h4 $1 {[#] White is slightly better.} d4 $146 ({Predecessor:} 8... Bd6 9. Ne2 Bg4 10. f3 Bf5 11. d4 Nb4 12. Na3 Qe7 13. Bxd6 Qxd6 14. Qd2 O-O-O {1-0 (31) Deac,B (2625)-David,A (2428) Chess.com INT 2020}) 9. Ne2 Bd6 10. exd4 Bxg3 11. Nxg3 Nxd4 12. c3 Qe7+ 13. Kf1 $1 Nf5 14. Nxf5 Bxf5 15. Qe2 Be6 {[%mdl 1024] Black has compensation.} (15... Rd8 $5 {[%cal Rf5d3]} 16. d4 c5 $11) 16. d4 O-O-O 17. Nd2 $36 {[%mdl 2048] Black is under pressure.} Qf6 (17... c5 $11) 18. Ne4 $16 Qg6 19. Nc5 ({White should try} 19. Ng3 $16) 19... Bg4 (19... Rhe8 $1 $11 20. Qd3 Bf5) 20. Qe4 {[%csl Gc5][%cal Re4b7]} Qb6 21. Re1 g6 22. f3 Bf5 23. Qe3 Qc6 24. Kf2 Rhe8 25. Qc1 a5 26. Rxe8 Rxe8 27. Re1 (27. Na4 $16) 27... b6 $11 {White must now prevent ...Rxe1.} 28. Na4 Rd8 (28... Rxe1 $1 $11 {remains equal.} 29. Qxe1 Qd6) 29. Qf4 $16 f6 30. c4 Re8 31. d5 Qd7 32. Rxe8+ Qxe8 33. d6 Bd7 {[#]} (33... Qe5 $142 34. Qxe5 fxe5 35. dxc7 Kxc7) 34. Nc3 $1 $18 (34. Qxf6 Bxa4 35. bxa4 cxd6 $16) 34... g5 $2 (34... cxd6 35. Ne4 (35. Qxf6 Qd8 $18) 35... Qe6 36. Nxd6+ (36. Nxf6 Bc6 $18) (36. Qxf6 Kc7 $16) 36... Kd8) 35. hxg5 fxg5 36. Qe4 (36. Qxg5 $142 {Threatens to win with Nd5.} Bc6 37. dxc7) 36... cxd6 $2 (36... Qxe4 $18 37. Nxe4 Bf5) 37. Qa8+ {Weighted Error Value: White=0.27/Black=0.58} 1-0

[Event "Uruguayan-ch Final 2021"]
[Site "Montevideo"]
[Date "2021.11.30"]
[Round "9.2"]
[White "Diaz Hollemaert, Nahuel"]
[Black "Carbone, Diego"]
[Result "1-0"]
[WhiteElo "2441"]
[BlackElo "2236"]
[Annotator "TA"]
[PlyCount "77"]
[EventDate "2021.11.22"]
[EventType "tourn"]
[EventCountry "URU"]
[SourceTitle "playchess.com"]
[Source "ChessBase"]
[SourceQuality "1"]

{[%evp 9,77,-15,-15,-13,-12,-11,6,4,20,6,26,17,29,31,24,37,53,24,31,12,3,-6,25,32,26,27,48,28,70,62,68,77,77,83,146,150,170,185,185,179,191,182,193,186,224,216,298,252,282,269,261,279,398,380,375,376,540,526,595,596,1254,1159,2416,2408,29981,29982,29983,29984,29984,29985]} 1. Nf3 Nf6 2. b3 g6 3. Bb2 Bg7 4. e4 d6 5. g3 O-O 6. d3 {A05: Réti Opening: 1 Nf3 Nf6.} e5 7. Bg2 Nc6 8. O-O {The position is equal.} h6 9. Re1 Re8 10. Nbd2 Be6 {[#]} 11. c3 $146 ({Predecessor:} 11. h3 Qd7 12. Kh2 Rad8 13. Qe2 Nh7 14. Rad1 f5 15. Nh4 Qf7 16. exf5 gxf5 17. c4 {0-1 (45) Peyrer,K (2265)-Huber,M (2341) Playchess.com INT 2020}) 11... d5 12. exd5 Nxd5 13. a3 Bf5 14. Ne4 Nf6 15. Nfd2 Qe7 16. b4 Nxe4 17. Nxe4 Rad8 18. Nc5 Bc8 19. Qa4 Qd6 20. Re3 {White leaves nothing to chance now.} a6 21. Rae1 Rf8 {[#]} (21... g5 $142) 22. c4 $1 $16 Nd4 23. Nxb7 Bxb7 24. Bxb7 Nf5 25. c5 (25. Bxa6 Nxe3 26. Rxe3 Ra8 $14) (25. Bxe5 $6 Qb6 $16) (25. Qxa6 Qxa6 26. Bxa6 Nxe3 $11) 25... Qe6 26. R3e2 ({Resist} 26. Qxa6 $6 Qxa6 27. Bxa6 Nxe3 $16) ({Not} 26. Bxa6 Nxe3 27. Rxe3 Ra8 $11) ({Don't play} 26. Rxe5 Qa2 $16) (26. Bxe5 $6 Nxe3 27. Bxg7 Kxg7 $16) 26... Rxd3 27. Qxa6 Qd7 28. Be4 Rd2 29. Rxd2 Qxd2 30. Qe2 Rd8 (30... Qxe2 $142 31. Rxe2 Nd4) 31. Qxd2 $18 Rxd2 32. Bc3 Ra2 (32... Rd8 $142 33. Bxf5 gxf5 34. Bxe5 Re8) 33. Ra1 Rxa1+ 34. Bxa1 {Threatens to win with Bxf5. KBB-KBN} Nd4 35. a4 {[%cal Ba3a4,Ba4a5,Ba5a6][%mdl 32]} f5 36. Bd5+ Kf8 37. Bxd4 {White mates.} exd4 38. a5 c6 {[#]} 39. a6 $1 {Weighted Error Value: White=0.05/Black=0.49} 1-0

[Event "Uruguayan-ch Final 2021"]
[Site "Montevideo"]
[Date "2021.11.30"]
[Round "9.3"]
[White "Michailov, Matias"]
[Black "Granara Barreto, Sebastian"]
[Result "1-0"]
[WhiteElo "2262"]
[BlackElo "2156"]
[Annotator "TA"]
[PlyCount "81"]
[EventDate "2021.11.22"]
[EventType "tourn"]
[EventCountry "URU"]
[SourceTitle "playchess.com"]
[Source "ChessBase"]
[SourceQuality "1"]

{[%evp 9,81,45,37,45,51,8,101,84,84,61,86,50,62,72,71,72,60,75,76,57,125,122,125,121,253,168,170,178,175,179,191,169,214,186,198,214,185,149,141,142,190,183,170,170,143,122,205,99,228,227,230,192,156,154,222,214,245,241,281,273,266,248,250,250,265,265,281,281,338,331,475,463,506,316]} 1. e4 c6 2. d4 d5 3. e5 Bf5 4. h4 c5 5. dxc5 Nc6 6. Bb5 {B12: Caro-Kann: Advance Variation.} Qc7 {6...Bd7 injects fresh life into this line.} 7. Be3 {[#]} (7. Bf4 {seems wilder.} e6 8. b4 Nh6 9. Nf3 Be7 10. Nc3) 7... O-O-O $146 (7... e6 $11 {keeps the balance.}) ({Predecessor:} 7... e6 8. Nf3 Bg4 9. c4 Nge7 10. Nbd2 O-O-O 11. Qa4 d4 12. Bf4 Kb8 13. Bxc6 Nxc6 {1-0 (32) Sorcinelli,A (2106)-Sukhorskij,V (2122) LSS email 2012}) 8. Bxc6 $16 {White is better.} Qxc6 9. Qd4 Nh6 10. Nc3 Ng4 11. b4 Nxe3 12. fxe3 e6 13. Nf3 b6 {[%cal Rb6c5]} 14. cxb6 axb6 ({Black should play} 14... Qxb6 $14 15. a3 Kb7) 15. O-O Qc4 16. a3 ({And not} 16. Qxb6 Qxc3 17. Nd4 Qc7 $15) 16... Kb7 (16... Qxd4 $16 17. Nxd4 Bg6) 17. e4 Bg6 18. exd5 Qxd4+ 19. Nxd4 exd5 20. Rad1 Rd7 21. Nf5 Bxf5 22. Rxf5 g6 23. Rf3 Bg7 24. Rxd5 Rhd8 {[#]} 25. Rxf7 $3 {[%mdl 576] Deflection} Rxf7 26. Rxd8 {Black must now prevent Re8.} Bxe5 $18 {[%mdl 4096] Endgame KRB-KRN} 27. Nb5 Kc6 {[#]} (27... Rf4 $16) 28. Nd4+ (28. c4 $1 $18) 28... Kc7 {[#]} (28... Kb7 $16) 29. Ne6+ $1 Kc6 30. Rd3 {aiming for Nd8+.} Re7 31. Nd4+ Kc7 (31... Bxd4+ $16 32. Rxd4 Ra7) 32. Kf2 Bf6 33. g3 g5 34. Nb5+ Kb7 35. hxg5 Bxg5 36. c4 Rf7+ 37. Kg2 {Strongly threatening Nd6+.} Re7 38. Kf3 Bc1 39. Rd6 Rf7+ (39... Bb2 {was worth a try.} 40. c5 bxc5 41. bxc5 Be5) 40. Ke4 Rg7 41. Rd3 {Weighted Error Value: White=0.12/Black=0.31} 1-0

[Event "Uruguayan-ch Final 2021"]
[Site "Montevideo"]
[Date "2021.11.30"]
[Round "9.5"]
[White "Vazquez, Facundo"]
[Black "Ulaneo, Nicolas"]
[Result "1/2-1/2"]
[WhiteElo "2163"]
[BlackElo "2164"]
[Annotator "TA"]
[PlyCount "53"]
[EventDate "2021.11.22"]
[EventType "tourn"]
[EventCountry "URU"]
[SourceTitle "playchess.com"]
[Source "ChessBase"]
[SourceQuality "1"]

{[%evp 13,53,36,31,14,19,6,35,16,22,10,29,12,22,10,12,3,4,6,11,12,12,12,12,23,30,32,51,50,51,51,51,51,51,50,54,50,46,48,57,8,12,20]} 1. d4 Nf6 2. c4 e6 3. Nf3 b6 4. g3 Bb7 5. Bg2 c6 6. O-O d5 7. Nc3 Be7 8. Ne5 {E16: Queen's Indian: 4 g3 Bb7 5 Bg2 Bb4+.} Nfd7 9. Nxd7 Qxd7 10. b3 {White is slightly better.} O-O 11. Bb2 {[#]} f5 $146 ({Predecessor:} 11... Rd8 12. e4 dxc4 13. bxc4 Ba6 14. Qb3 Qxd4 15. Nd5 Qc5 16. Qc3 f6 17. Nc7 Qxc4 18. Qxc4 Bxc4 {½-½ (54) Pedersen,N (2177)-Nielsen,L (2260) Denmark 2013}) 12. Qd3 Na6 {[%cal Bb8a6,Ba6c7,Bc7e8,Be8d6,Bd6e4][%mdl 32]} 13. a3 Nc7 14. Rad1 Ne8 15. Rfe1 Ba6 16. Na2 Nd6 {[%cal Rd5c4]} 17. Nb4 Bb7 18. Qc2 Rac8 19. Nd3 Qe8 20. c5 Ne4 21. f3 Nf6 22. e4 fxe4 23. fxe4 Nxe4 24. Bxe4 dxe4 25. Rxe4 Qg6 26. Qe2 {aiming for d5.} Ba6 27. Rxe6 {Weighted Error Value: White=0.08/Black=0.04} 1/2-1/2

[Event "Uruguayan-ch Final 2021"]
[Site "Montevideo"]
[Date "2021.11.30"]
[Round "9.6"]
[White "Roselli Mailhe, Bernardo"]
[Black "Hoffman, Alejandro"]
[Result "1/2-1/2"]
[WhiteElo "2428"]
[BlackElo "2440"]
[Annotator "TA"]
[PlyCount "28"]
[EventDate "2021.11.22"]
[EventType "tourn"]
[EventCountry "URU"]
[SourceTitle "playchess.com"]
[Source "ChessBase"]
[SourceQuality "1"]

{[%evp 11,15,7,10,2,13,-13]} 1. d4 d5 2. Nf3 c6 3. e3 Nf6 4. c4 Bg4 5. Nc3 e6 6. Bd3 Nbd7 7. O-O {D11: Slav Defence: 3 Nf3 sidelines and 3...Nf6 4 e3 Bg4.} Bd6 8. cxd5 {[#] A rather calm draw. Not enough moves} {Predecessor:} exd5 $146 9. e4 dxe4 10. Nxe4 Nxe4 11. Bxe4 O-O 12. Re1 Re8 13. h3 Bh5 14. Bd2 Nf6 {½-½ (56) Suleymanli,S (1714)-Lu,M Batumi 2016} 1/2-1/2

[Event "Uruguayan-ch Final 2021"]
[Site "Montevideo"]
[Date "2021.12.01"]
[Round "10.1"]
[White "Rodi, Luis Ernesto"]
[Black "Hoffman, Alejandro"]
[Result "1-0"]
[WhiteElo "2358"]
[BlackElo "2440"]
[Annotator "TA"]
[PlyCount "145"]
[EventDate "2021.11.22"]
[EventType "tourn"]
[EventCountry "URU"]
[SourceTitle "playchess.com"]
[Source "ChessBase"]
[SourceQuality "1"]

{[%evp 9,145,54,53,64,60,57,75,64,54,43,45,35,36,0,0,14,43,43,43,43,42,36,84,71,83,79,90,90,86,72,83,60,59,50,54,61,79,74,74,53,114,46,51,56,56,8,74,67,71,71,70,55,80,62,73,40,66,66,66,66,141,107,101,105,160,160,157,158,157,161,254,250,270,265,552,238,235,198,201,186,194,181,234,234,234,234,325,325,303,277,270,270,206,125,125,125,133,133,133,125,439,437,398,339,29958,29961,29961,29962,29963,29964,29964,29964,29965,29966,29965,29965,29966,29968,29968,29969,29969,29970,29970,29971,29975,29971,29975,29974,29977,29978,29978,29978,29974,29975,29974,29974,29979,29980]} 1. e4 c5 2. Nc3 g6 3. d4 Bg7 4. dxc5 Bxc3+ 5. bxc3 Qa5 6. Qd4 {B06: Modern Defence.} Nf6 7. Qb4 Qc7 {7...Qc7 scores better than 7...Nc6.} 8. Bd3 {White is better.} Na6 9. Bxa6 bxa6 {[#]} 10. Rb1 $146 ({Predecessor:} 10. Ne2 a5 11. Qd4 e5 12. Bf4 exf4 13. Qxf6 O-O 14. h4 Re8 15. h5 Qe5 16. Qxe5 Rxe5 17. hxg6 hxg6 {½-½ (35) Avila Pavas,S (2406)-Soto,M (2283) Mumbai 2019}) 10... O-O 11. Ne2 a5 12. Qd4 Ba6 (12... e5 $5 {[%cal Re5d4]} 13. Qd6 Qxd6 14. cxd6 Ba6 $11) 13. e5 $36 {[%mdl 2048] Black is under pressure.} Nh5 14. Nf4 $1 Nxf4 15. Bxf4 Qc6 16. f3 $1 Rac8 17. Be3 $1 Qe6 18. Kf2 Rc7 19. Rb3 Rfc8 20. Qe4 Bc4 21. Ra3 Bd5 22. Qf4 Rb8 23. Rxa5 Rb2 24. Rc1 Bxa2 {[#]} (24... Rcb7 $14) 25. Kg1 (25. Ra6 $3 $16 {[%mdl 512]} Qxa6 (25... Rc6 26. Rxa7) 26. e6 Qxe6 27. Qxc7) 25... Bd5 26. Bd4 {Strongly threatening c4!} Bc6 27. Rca1 Rbb7 (27... Rcb7 $11 {keeps the balance.}) 28. h4 h5 29. Kh2 Kh7 30. R5a3 Bd5 31. Ra6 Bc6 32. R1a3 Qf5 33. Qxf5 gxf5 34. Rb3 f4 (34... Bb5 $14 35. Ra5 Bc4) 35. e6 fxe6 36. Be5 Rxb3 (36... Bd5 $142) 37. cxb3 $16 {[%mdl 4096] Endgame KRB-KRB} Rb7 38. b4 ({Don't play} 38. Bxf4 $6 Rxb3 39. Bg5 Rxc3 $11) 38... Kg6 39. Bxf4 Kf5 (39... Kf6 {keeps fighting.} 40. Kh3 Kg6) 40. Bg5 $18 Bb5 41. Ra5 {aiming for c4.} a6 $2 (41... Kg6 {might work better.} 42. Bxe7 Be2) 42. Bxe7 (42. c6 $142 dxc6 43. c4 {[%mdl 64] Pin}) 42... e5 43. Ra1 Rb8 44. Rd1 Re8 45. Bg5 Bc6 (45... e4 {was called for.} 46. g4+ hxg4) 46. Kh3 Kg6 47. Rd6+ Re6 48. Rxe6+ dxe6 {KB-KB} 49. Kg3 Kf5 {[#]} 50. Kf2 $1 e4 51. Ke3 exf3 52. gxf3 e5 53. c4 Be8 54. f4 e4 $2 {[%mdl 8192] Black cannot hold the game after this.} (54... Ba4 $16 {is more resistant.} 55. fxe5 Kxe5) 55. Kd4 Bc6 {[#]} 56. Bh6 $1 Ke6 $2 (56... Kg6 $18) 57. b5 {White mates.} axb5 58. cxb5 Bxb5 59. Kxe4 Bc6+ 60. Kd4 Bb5 61. Kc3 Kd5 62. Bf8 Bd7 63. Kb4 Be8 64. Ka5 Kc6 65. f5 Bd7 66. f6 Be8 67. Bd6 Bg6 68. Ka6 Be8 69. Ka7 Bf7 70. Ka8 Bd5 71. Kb8 Kd7 72. Be5 Kc6 73. Kc8 {Weighted Error Value: White=0.14/Black=0.42} 1-0

[Event "Uruguayan-ch Final 2021"]
[Site "Montevideo"]
[Date "2021.12.01"]
[Round "10.2"]
[White "Ulaneo, Nicolas"]
[Black "Roselli Mailhe, Bernardo"]
[Result "1/2-1/2"]
[WhiteElo "2164"]
[BlackElo "2428"]
[Annotator "TA"]
[PlyCount "20"]
[EventDate "2021.11.22"]
[EventType "tourn"]
[EventCountry "URU"]
[SourceTitle "playchess.com"]
[Source "ChessBase"]
[SourceQuality "1"]

{[%evp 16,18,-3,-10,0]} 1. e4 e5 2. Nf3 Nc6 3. Bb5 a6 4. Bxc6 dxc6 5. d4 exd4 6. Qxd4 Qxd4 7. Nxd4 Bd7 8. Nc3 O-O-O 9. Be3 c5 {[#] An uneventful encounter. C68: Ruy Lopez: Exchange Variation, sidelines.} {Predecessor:} 10. Nde2 $146 b6 {½-½ (10) Gomez Garrido,C (2553)-Alvarez Pedraza,A (2464) Varadero 2016} 1/2-1/2

[Event "Uruguayan-ch Final 2021"]
[Site "Montevideo"]
[Date "2021.12.01"]
[Round "10.4"]
[White "Granara Barreto, Sebastian"]
[Black "Larrea, Manuel"]
[Result "1-0"]
[WhiteElo "2156"]
[BlackElo "2222"]
[Annotator "TA"]
[PlyCount "83"]
[EventDate "2021.11.22"]
[EventType "tourn"]
[EventCountry "URU"]
[SourceTitle "playchess.com"]
[Source "ChessBase"]
[SourceQuality "1"]

{[%evp 22,83,-6,-11,14,14,14,14,14,14,42,14,16,2,58,13,19,0,0,0,0,0,15,17,33,20,43,48,55,49,42,40,33,15,54,48,71,70,154,157,220,193,204,223,220,214,209,192,229,210,354,358,349,362,358,343,529,503,2476,1790,5369,5357,5281,5280]} 1. e4 c5 2. Nf3 Nc6 3. Bb5 g6 4. O-O Bg7 5. Re1 Nf6 6. e5 Nd5 7. Nc3 {[%cal Bb1c3,Bc3e4,Be4f6][%mdl 32]} Nc7 8. Bxc6 dxc6 9. Ne4 b6 10. Nf6+ Kf8 11. Ne4 Bg4 12. d3 Ne6 {B31: Sicilian: 2...Nc6 3 Bb5 g6.} 13. Neg5 Nxg5 14. Bxg5 h6 {The position is equal.} 15. Bd2 Qd5 {[#]} 16. Bc3 $146 (16. Re4 $5 {[%cal Re4g4]} Bf5 17. Re1 $11) ({Predecessor:} 16. Re4 Bf5 17. Ra4 b5 18. Ra5 Bg4 19. a4 a6 20. Bc3 Bxf3 21. Qxf3 Qxf3 22. gxf3 {1-0 (69) Naiditsch,A (2721)-Roganovic,M (2527) Batumi 2018}) 16... Rd8 17. a4 g5 (17... e6 $11) 18. Qe2 h5 19. Qe3 (19. b3 {looks sharper.} Rh6 20. Rad1 Bxf3 21. gxf3 Qe6 22. a5) 19... Bxf3 20. Qxf3 Qxf3 21. gxf3 Rh6 22. Re4 Rd5 23. Rae1 Re6 24. b3 Kg8 25. Kg2 Kh7 26. h4 Rg6 27. Kh3 Rd8 28. f4 g4+ 29. Kg3 e6 {[#]} ({Better is} 29... Bh6 $1 $14) 30. f5 $1 $36 {[%cal Rf5g6][%mdl 2048] Black is under strong pressure.} exf5 (30... Rh6 $16) 31. Rf4 $18 Re6 {White must now prevent ...Kg6.} 32. Rxf5 {[%mdl 64] Double Attack} Kg6 33. Rg5+ Kh6 34. Bd2 Rd5 35. Bf4 Kh7 (35... Rd4 $142 36. Bd2 Rd5) 36. Rxh5+ Kg8 37. Re4 ({Resist} 37. Kxg4 f6) 37... b5 38. Kxg4 f6 (38... Re7 $142 39. Rg5 Rd4) 39. exf6 {White is clearly winning.} Rxe4 (39... Rxf6 $142 40. Rg5 Rd7 41. Rxc5 a6) 40. dxe4 Rxh5 41. Kxh5 Bxf6 42. e5 {Weighted Error Value: White=0.06/Black=0.32} 1-0

[Event "Uruguayan-ch Final 2021"]
[Site "Montevideo"]
[Date "2021.12.01"]
[Round "10.5"]
[White "Carbone, Diego"]
[Black "Michailov, Matias"]
[Result "1-0"]
[WhiteElo "2236"]
[BlackElo "2262"]
[Annotator "TA"]
[PlyCount "87"]
[EventDate "2021.11.22"]
[EventType "tourn"]
[EventCountry "URU"]
[SourceTitle "playchess.com"]
[Source "ChessBase"]
[SourceQuality "1"]

{[%evp 10,87,0,-19,-19,-15,31,37,42,47,85,76,84,72,91,83,71,29,59,0,0,0,60,66,31,15,20,0,0,0,35,-19,0,0,0,0,0,0,0,0,0,0,0,0,0,0,0,0,59,53,38,53,43,8,8,8,12,8,8,8,10,11,11,12,12,12,19,20,67,67,74,74,74,74,74,46,67,54,414,414]} 1. d4 Nf6 2. c4 e6 3. Nc3 Bb4 4. Qc2 d6 5. e4 O-O 6. e5 dxe5 {6...Nfd7 is more advanced technology. E32: Nimzo-Indian: Classical (4 Qc2): 4...0-0.} 7. dxe5 Nfd7 (7... Ng4 {is interesting.} 8. a3 Bc5 9. Ne4 Bd4 10. Nf3 Nxe5 11. Nxd4 Qxd4 12. Bf4 Rd8) 8. Nf3 h6 {White is slightly better.} 9. Bf4 {[#]} Nc5 $146 ({Predecessor:} 9... Nc6 10. O-O-O Bxc3 11. Qxc3 Qe7 12. Bd3 Nc5 13. Bc2 a5 14. Nd4 Nb4 15. Bb1 b5 16. cxb5 {1-0 (23) Vallejo Pons,F (2695)-Miton,K (2588) St Petersburg 2018}) 10. Rd1 Qe7 11. a3 Bxc3+ 12. Qxc3 a5 13. h4 b6 14. h5 (14. Qe3 $14) 14... Bb7 15. Rh3 Rd8 (15... Nc6 $11) 16. Rxd8+ $14 Qxd8 17. Qe3 {[#] And now Bxh6! would win.} Kh7 18. Be2 Nc6 {[%cal Bb8c6,Bc6e7,Be7f5][%mdl 32]} 19. g4 Ne7 20. Nh4 (20. Nd4 $14) 20... Qd7 21. g5 hxg5 22. Bxg5 Nf5 $1 {[%cal Rf5e3]} 23. Bd3 Nxd3+ 24. Qxd3 Qxd3 25. Rxd3 Nxh4 26. Bxh4 $11 {[%mdl 4096] Endgame KRB-KRB} Kh6 27. Rd7 (27. Rd8 {looks sharper.} a4 28. Rd7 Rc8 29. Rxf7 Kxh5 30. Bg3) 27... Kxh5 28. Rxc7 Kxh4 (28... Be4 $11 29. Rxf7 Rc8) 29. Rxb7 {KR-KR} Rc8 30. b3 a4 31. Rxb6 axb3 32. Rxb3 Kg4 33. Rg3+ Kf4 34. Rxg7 Rxc4 35. Rxf7+ Kxe5 36. Kd2 Ra4 37. Rf3 Ke4 38. Rh3 {[#] Black must now prevent Rh4+.} (38. Rb3 {is more complex.} Kd5 39. Rd3+ Kc5 40. Kc2 Rf4 41. Rc3+) 38... Ra7 39. a4 Kd4 40. Ra3 Ra5 41. Ke2 Ke4 42. Rh3 Kd4 43. Rh4+ Kc3 $2 {[%mdl 8192]} (43... Kd5 $1 $14) 44. Ke3 {Weighted Error Value: White=0.09/Black=0.30} 1-0

[Event "Uruguayan-ch Final 2021"]
[Site "Montevideo"]
[Date "2021.12.02"]
[Round "11.1"]
[White "Diaz Hollemaert, Nahuel"]
[Black "Rodi, Luis Ernesto"]
[Result "1-0"]
[WhiteElo "2441"]
[BlackElo "2358"]
[Annotator "TA"]
[PlyCount "57"]
[EventDate "2021.11.22"]
[EventType "tourn"]
[EventCountry "URU"]
[SourceTitle "playchess.com"]
[Source "ChessBase"]
[SourceQuality "1"]

{[%evp 11,57,-1,-9,1,-7,-5,7,8,3,8,37,10,28,19,56,44,60,38,372,373,429,418,407,344,338,294,292,295,482,475,744,530,1021,1004,1162,1065,2162,1362,1378,1469,1426,1348,1956,1773,29989,29990,29990,1629]} 1. c4 e5 {[%cal Be7e5,Be5e4][%mdl 32]} 2. Nc3 Nf6 3. Nf3 Nc6 4. e3 Bb4 5. Nd5 e4 6. Nxb4 Nxb4 7. a3 {A28: English Opening: Four Knights Variation.} Nc6 8. Ng1 {[%cal Bf3g1,Bg1e2,Be2f4][%mdl 32]} d5 9. cxd5 {The position is equal.} Qxd5 10. d4 {[#] Prevents Ne5.} Na5 $146 ({Predecessor:} 10... O-O 11. Ne2 Qg5 12. Nf4 Ne7 13. h4 Qf5 14. Be2 Nfd5 15. g3 Nxf4 16. gxf4 Qg6 {0-1 (28) Maier,C (2360)-Gajewski,G (2653) Achaia 2013}) 11. b4 Nc4 12. Ne2 {Strongly threatening Nf4.} Nd6 13. Nf4 Qf5 14. Bb2 Nd5 $2 {[%mdl 8192] Black cannot hold the game after this.} (14... c6 $14) 15. g4 $1 $18 Qg5 16. h4 Nxe3 17. fxe3 ({Don't take} 17. hxg5 Nxd1 18. Rxd1 Bxg4 $18) 17... Qxg4 18. Qxg4 Bxg4 19. d5 Bf3 $2 (19... Nf5 20. Kf2 O-O-O) 20. Rg1 Nf5 (20... Rg8 $142 21. Kf2 (21. Bxg7 Nf5 $16) 21... g6) 21. Kf2 {[%cal Be1f2,Bf2g3,Bg3h4][%mdl 32]} Nxh4 22. Rxg7 h6 23. Bh3 Ke7 24. Kg3 Rhg8 25. Kxh4 {[#] Intending Ng6+ and mate.} Rxg7 26. Bxg7 Rg8 27. Rg1 Ke8 28. d6 cxd6 {[#]} 29. Nd5 {Weighted Error Value: White=0.21 (precise) /Black=1.20} (29. Rc1 $142 $1 d5 30. Rc8+ Ke7 31. Rxg8 Kd6 32. Rd8+ Kc6 33. Rc8+ Kd6 34. Bf8+ Ke5 35. Rd8 Kf6 36. Rd6+ Ke5 37. Rxd5+ Kf6 38. Rf5#) 1-0

[Event "Uruguayan-ch Final 2021"]
[Site "Montevideo"]
[Date "2021.12.02"]
[Round "11.3"]
[White "Larrea, Manuel"]
[Black "Carbone, Diego"]
[Result "1/2-1/2"]
[WhiteElo "2222"]
[BlackElo "2236"]
[Annotator "TA"]
[PlyCount "54"]
[EventDate "2021.11.22"]
[EventType "tourn"]
[EventCountry "URU"]
[SourceTitle "playchess.com"]
[Source "ChessBase"]
[SourceQuality "1"]

{[%evp 11,54,6,1,-12,-14,-13,-24,-18,0,0,0,0,0,0,0,0,0,0,0,-18,-3,-10,0,0,0,0,0,0,0,0,0,0,0,0,0,0,0,0,0,-3,-4,-6,0,-5,0]} 1. e4 e5 2. Nf3 Nc6 3. Bc4 Bc5 4. c3 Nf6 5. d4 exd4 6. cxd4 Bb4+ 7. Nbd2 {C54: Giuoco Piano: 4 c3 Nf6, main lines with 5 d4 and 5 d3.} Bxd2+ 8. Bxd2 Nxe4 9. d5 {Black has an edge.} Nxd2 {The position is equal.} 10. Qxd2 ({Much weaker is} 10. Nxd2 Qe7+ 11. Qe2 Qxe2+ 12. Kxe2 Ne5 $15) 10... Ne7 11. d6 cxd6 {[%cal Od6d5]} 12. O-O d5 13. Bxd5 O-O 14. Rad1 d6 15. Rfe1 Nxd5 16. Qxd5 {[#]} Qb6 $146 ({Predecessor:} 16... Bg4 17. h3 Bxf3 18. Qxf3 Qb6 19. Re7 Qxb2 20. a3 b6 21. Rxd6 Rae8 22. Rxe8 Rxe8 23. Rd7 Qa1+ 24. Kh2 Qe5+ 25. g3 Re7 26. Qa8+ Re8 27. Rxa7 Qe6 {½-½ (27) Pintor,M (2178)-Hrubaru,M (1986) LSS email 2009}) 17. Qxd6 Qxd6 18. Rxd6 Be6 19. b3 Rfd8 20. Rd4 Kf8 21. Red1 Rxd4 22. Nxd4 $11 {[%mdl 4096] Endgame KRB-KRN} Ke7 23. f3 Bd7 24. Kf2 Rc8 25. Ke3 Rc3+ 26. Kd2 Rc8 27. Ke3 Rc3+ {An even fight not without its subleties.  Weighted Error Value: White=0.02 (flawless) /Black=0.01 (flawless)} 1/2-1/2